<?xml version="1.0" encoding="UTF-8"?>
<record
    xmlns:xsi="http://www.w3.org/2001/XMLSchema-instance"
    xsi:schemaLocation="http://www.loc.gov/MARC21/slim http://www.loc.gov/standards/marcxml/schema/MARC21slim.xsd"
    xmlns="http://www.loc.gov/MARC21/slim">

  <leader>01046nam a2200253 i 4500</leader>
  <controlfield tag="001">190786</controlfield>
  <controlfield tag="003">ES-MaACL</controlfield>
  <controlfield tag="005">20240203121506.0</controlfield>
  <controlfield tag="008">220707s2016    sp a          001 0aspa</controlfield>
  <datafield tag="020" ind1=" " ind2=" ">
    <subfield code="a">978-84-16938-10-0</subfield>
  </datafield>
  <datafield tag="080" ind1=" " ind2=" ">
    <subfield code="a">929 Manaut Viglietti, Jos&#xE9;</subfield>
  </datafield>
  <datafield tag="100" ind1="1" ind2=" ">
    <subfield code="a">Manaut Viglietti, Jos&#xE9; (</subfield>
    <subfield code="d">1898-1971)</subfield>
    <subfield code="9">75913</subfield>
  </datafield>
  <datafield tag="245" ind1="1" ind2="4">
    <subfield code="a">Las horas muertas : </subfield>
    <subfield code="b">diarios de Jos&#xE9; Manaut Viglietti : Madrid, 1939-1944 / </subfield>
    <subfield code="c">Federico Castro Morales, Eduardo Gonz&#xE1;lez Calleja, eds.</subfield>
  </datafield>
  <datafield tag="246" ind1="3" ind2=" ">
    <subfield code="a">Diarios de Jos&#xE9; Manaut Viglietti : </subfield>
    <subfield code="b">Madrid, 1939-1944</subfield>
  </datafield>
  <datafield tag="260" ind1=" " ind2=" ">
    <subfield code="a">Madrid : </subfield>
    <subfield code="b">Biblioteca Nueva, </subfield>
    <subfield code="c">[2016]</subfield>
  </datafield>
  <datafield tag="300" ind1=" " ind2=" ">
    <subfield code="a">493 p. : </subfield>
    <subfield code="b">il. col. y n. ; </subfield>
    <subfield code="c">25 cm.</subfield>
  </datafield>
  <datafield tag="596" ind1=" " ind2=" ">
    <subfield code="a">En verso de port.: Asociaci&#xF3;n de Amigos del Pintor Manaut</subfield>
  </datafield>
  <datafield tag="600" ind1="1" ind2="4">
    <subfield code="a">Manaut Viglietti, Jos&#xE9; (</subfield>
    <subfield code="d">1898-1971)</subfield>
    <subfield code="9">75913</subfield>
  </datafield>
  <datafield tag="700" ind1="1" ind2=" ">
    <subfield code="a">Castro Morales, Federico.</subfield>
    <subfield code="9">147388</subfield>
  </datafield>
  <datafield tag="700" ind1="1" ind2=" ">
    <subfield code="a">Gonz&#xE1;lez Calleja, Eduardo.</subfield>
    <subfield code="9">58482</subfield>
  </datafield>
  <datafield tag="852" ind1="4" ind2=" ">
    <subfield code="a">ES-MaACL</subfield>
    <subfield code="j">A-15008</subfield>
    <subfield code="9"> 197969</subfield>
    <subfield code="b">R.153343</subfield>
    <subfield code="c">DEPO1</subfield>
    <subfield code="d">Olim: N-8008 </subfield>
    <subfield code="h">Donaci&#xF3;n: Editorial </subfield>
    <subfield code="x"> Enc. cart.</subfield>
  </datafield>
  <datafield tag="942" ind1=" " ind2=" ">
    <subfield code="2">udc</subfield>
  </datafield>
  <datafield tag="999" ind1=" " ind2=" ">
    <subfield code="c">190786</subfield>
    <subfield code="d">190786</subfield>
  </datafield>
  <datafield tag="952" ind1=" " ind2=" ">
    <subfield code="0">0</subfield>
    <subfield code="1">0</subfield>
    <subfield code="2">udc</subfield>
    <subfield code="4">0</subfield>
    <subfield code="7">0</subfield>
    <subfield code="a">ATENEOM</subfield>
    <subfield code="b">ATENEOM</subfield>
    <subfield code="c">DEPO1</subfield>
    <subfield code="d">2022-07-07</subfield>
    <subfield code="e">DONACION</subfield>
    <subfield code="l">0</subfield>
    <subfield code="o">A-15008</subfield>
    <subfield code="p">1203056</subfield>
    <subfield code="r">2023-02-23 00:00:00</subfield>
    <subfield code="w">2023-02-23</subfield>
    <subfield code="y">MONOGRAFIA</subfield>
  </datafield>
</record>
